International Fuel Prices 2005 (Record no. 2115)

000 -LEADER
fixed length control field 00335 a2200109 4500
082 ## - DEWEY DECIMAL CLASSIFICATION NUMBER
Classification number 338.8532 MET
100 ## - MAIN ENTRY--PERSONAL NAME
Personal name Metschies, Dr Gerhnard P.
245 ## - TITLE STATEMENT
Title International Fuel Prices 2005
Statement of responsibility, etc. Dr, Gerhard P. Metschies
250 ## - EDITION STATEMENT
Edition statement 4th ed
260 ## - PUBLICATION, DISTRIBUTION, ETC.
Place of publication, distribution, etc. Eschborn :
Name of publisher, distributor, etc. Deutsche Gesellschaft fur,
Date of publication, distribution, etc. 2005
300 ## - PHYSICAL DESCRIPTION
Extent 111p. :
Other physical details ill. ;
Dimensions 30 cm
650 ## - SUBJECT ADDED ENTRY--TOPICAL TERM
Topical term or geographic name entry element International Fuel Prices
Holdings
Withdrawn status Lost status Damaged status Not for loan Permanent Location Current Location Shelving location Date acquired Total Checkouts Full call number Barcode Date last seen Price effective from Koha item type
        School of Civil and Environmental Engineering (SCEE) School of Civil and Environmental Engineering (SCEE)       338.8532 MET NIT-1386 01/05/2017 01/05/2017 Book
© 2023 Central Library, National University of Sciences and Technology. All Rights Reserved.